Sound blaster / (Record no. 187526)
[ view plain ]
| 000 -LEADER | |
|---|---|
| fixed length control field | 00506nam a2200193Ia 4500 |
| 003 - CONTROL NUMBER IDENTIFIER | |
| control field | OSt |
| 005 - DATE AND TIME OF LATEST TRANSACTION | |
| control field | 20260109134451.0 |
| 008 - FIXED-LENGTH DATA ELEMENTS--GENERAL INFORMATION | |
| fixed length control field | 210716s9999 xx 000 0 und d |
| 040 ## - CATALOGING SOURCE | |
| Transcribing agency | AIMIT LIBRARY |
| 041 ## - LANGUAGE CODE | |
| Language code of text/sound track or separate title | eng |
| 082 ## - DEWEY DECIMAL CLASSIFICATION NUMBER | |
| Classification number | 006.45 |
| Edition number | 1 |
| Item number | SOUN |
| 245 ## - TITLE STATEMENT | |
| Title | Sound blaster / |
| 250 ## - EDITION STATEMENT | |
| Edition statement | 1st ed. |
| 300 ## - PHYSICAL DESCRIPTION | |
| Extent | ix,I-4p. ; |
| Other physical details | PB |
| Dimensions | 21.4 cm |
| 650 ## - SUBJECT ADDED ENTRY--TOPICAL TERM | |
| Topical term or geographic name entry element | Creative ensemble AV |
| 9 (RLIN) | 250849 |
| 650 ## - SUBJECT ADDED ENTRY--TOPICAL TERM | |
| Topical term or geographic name entry element | Creative mosaic |
| 9 (RLIN) | 250850 |
| 650 ## - SUBJECT ADDED ENTRY--TOPICAL TERM | |
| Topical term or geographic name entry element | FM intelligent organ |
| 9 (RLIN) | 250851 |
| 942 ## - ADDED ENTRY ELEMENTS (KOHA) | |
| Source of classification or shelving scheme | Dewey Decimal Classification |
| Koha item type | Book |
| Edition | 1st |
| Call number prefix | 006.45 SOUN |
| Withdrawn status | Lost status | Damaged status | Not for loan | Collection code | Home library | Current library | Source of acquisition | Total Checkouts | Full call number | Barcode | Date last seen | Price effective from | Koha item type |
|---|---|---|---|---|---|---|---|---|---|---|---|---|---|
| MCA | St Aloysius Institute of Management & Information Technology | St Aloysius Institute of Management & Information Technology | Donated | 006.45 SOUN | MCA07034 | 05/23/2026 | 07/16/2021 | Book |